00769nam a22002297a 450000500170000001000130001702000110003003500130004103700160005404000120007008200220008210000380010424500850014224600710022726000560029827000660035430000190042065000250043965000320046465000230049665000200051920170123162338.0 aA-645164 c250.00 aA-645164 bCen Lib/Ret bURaDPL a843.08bک ر ش  aجگدیش چندر رودھوں  aکرشن چندر :cجگدیش چندر رودھوں bشخصیت اور فن / aKrishan Chandar : shkhsiyat aur fan /bby Jagdeesh Chandar Dodhan  bجگدیش چندر رودھوں aنیی دہلی  bنیی دہلی a162 , مکھرجی نگر ایسٹ e110009 a647pc21cm(Hb) aادب -- اردو  aاردو سونے عمری  aLiterature -- Urdu aUrdu biography